00748 2200217 4500001002100000005001700021008004100038035002500079082001000104090001700114100002600131245014400157250001100301260009100312300002700403500003100430650002400461700001800485850001200503990001500515YOGYA-0209000003544020150707140612.0 ind  a0010-020900000035440 a959.8 a959.8bIsm T aIsmail, Muhammad Gade aTantangan dan rongrongan terhadap keutuhan dan kesatuan bangsabkasus Darul Islam di AcehcMuhammad Gade Ismail ; penyunting, R.Z. Leirissa aCet. 1 aJakartabProyek Inventarisasi dan Dokumentasi Sejarah Nasional Dirjend. Depdibukc1994 avi, 141 hlm. ;c21 cm. aBibliografi : hlm. 103-105 aIndonesia - Sejarah aLeirissa, R.Z aYOPDYOG a24454-A/96